Transferové oceňovanie

Transferové oceňovanie je v slovenskej praxi stále trochu „tajomná“ téma, ktorú si mnohí podnikatelia spájajú len s nadnárodnými koncernami. Skúsenosť z daňových kontrol však ukazuje, že na ceny medzi prepojenými osobami sa správca dane pozerá aj pri úplne bežných slovenských eseročkách. Dokumentáci...

Descripción completa

Guardado en:
Detalles Bibliográficos
Autor principal: Želonka, Michal
Formato: Capítulo de libro
Lenguaje:eslovaco
Materias:
Etiquetas: Agregar Etiqueta
Sin Etiquetas, Sea el primero en etiquetar este registro!

MARC

LEADER 00000naa a2200000 4500
001 0315336
005 20260309113257.1
041 0 |a slo 
044 |a SK 
245 1 0 |a Transferové oceňovanie  |c Michal Želonka 
520 |a Transferové oceňovanie je v slovenskej praxi stále trochu „tajomná“ téma, ktorú si mnohí podnikatelia spájajú len s nadnárodnými koncernami. Skúsenosť z daňových kontrol však ukazuje, že na ceny medzi prepojenými osobami sa správca dane pozerá aj pri úplne bežných slovenských eseročkách. Dokumentácia v transferovom oceňovaní. 
610 2 0 |a oceňovanie transferové 
610 2 0 |a podnikatelia 
610 2 0 |a firmy 
610 2 0 |a správa daňová 
610 2 0 |a dane z príjmov 
610 2 0 |a kontrola daňová 
100 1 |a Želonka, Michal